Rural England : the rural white paper 1 : third report

Αποθηκεύτηκε σε:
Λεπτομέρειες βιβλιογραφικής εγγραφής
Συγγραφή απο Οργανισμό/Αρχή: Great Britain Parliament House of Commons Environment Committee
Μορφή: Βιβλίο
Γλώσσα:English
Δημοσίευση: London : HMSO, 1996
Θέματα:
Ετικέτες: Προσθήκη ετικέτας
Δεν υπάρχουν, Καταχωρήστε ετικέτα πρώτοι!

MARC

LEADER 00000nam a2200000 i 4500
001 1/5345
008 000602s1996 eng d
020 |a 0102257965 
035 |l 10061550 
040 |a GR-MY-UA  |b gre  |e aacr 
041 0 |a eng 
082 0 |a 307.720942 
110 1 |a Great Britain  |b Parliament  |b House of Commons  |b Environment Committee. 
245 1 0 |a Rural England :  |b the rural white paper 1 : third report /  |c Environment Committee, House of Commons 
260 |a London :   |b HMSO,   |c 1996 
300 |a lix p. 
500 |a Ordered by the House of Commons to be printed 2 April 1996 
500 |a House of Commons, session 1995-96 
505 0 |a V. 1. Report together with proceedings of the Committee 
650 0 0 |a Local government  |z England. 
650 0 0 |a Rural development  |x Government policy  |z England. 
650 0 0 |a Community development  |z England. 
852 |a INST  |b LESVOS  |e 20000602  |h 307.720942 BEN  |p 005100025452  |q 005100025452  |t BK  |y 0 
901 |a BIBL1-2000-3 
909 |a Λ  |b 080194 
922 |a 1ΕΛΗ  |b 200005  |c ΤΑΚ/ΤΓ  |d LEADER 
950 |a 118-1999-09-20 
970 |a ΤΖΑΦΕΡΗ  |b ΕΥΑΓΓΕΛΙΑ  |z 2000/11/22